00366 2200145 4500001002100000005001500021035002000036245004200056100001800098260004800116082001000164084001600174020001800190990001200208INLIS00000000000167920250429112249 a0010-04250000951 aPrincess ( Buku 15 ) /cSeung Won Han0 aSeung Won Han aJakarta :bPT. Elek Media Komputindo,c2003 a741.3 a741.3 SEU p a979-20-2914-1 a0754664